Sports Quiz

Random Sports Quiz

Denver Broncos Super Bowl Opponents Quiz Stats

 Plays Quiz not verified by Sporcle

Score 0/8 Timer 05:00
0 Plays Today
Super Bowl (Score) Opponent % Correct
Super Bowl XLVIII (8-43)Seattle Seahawks
100%
Super Bowl 50 (24-10)Carolina Panthers
100%
Super Bowl XII (10-27)Dallas Cowboys
96.8%
Super Bowl XXXII (31-24)Green Bay Packers
96.8%
Super Bowl XXXIII (34-19)Atlanta Falcons
95.7%
Super Bowl XXIV (10-55)San Francisco 49ers
94.6%
SUper Bowl XXII (10-42)Washington Redskins
92.5%
Super Bowl XXI (20-39)New York Giants
91.4%

You're not logged in!

Compare scores with friends on all Sporcle quizzes.
OR
Log In

Show Comments

Extras

Created Dec 29, 2016ReportNominate
Tags:Denver Broncos, Super Bowl

Top Quizzes Today


Score Distribution

Your Account Isn't Verified!

In order to create a playlist on Sporcle, you need to verify the email address you used during registration. Go to your Sporcle Settings to finish the process.

Report this User

Report this user for behavior that violates our Community Guidelines.

Details: